Który aktor grał w tych filmach? #2 - Statystyki

Ogólne statystyki
  • Ten quiz został rozwiązany 597 razy
  • Średni wynik to 9 z 16
Statystyki odpowiedzi
Tytuły Aktor % Poprawnych
Faceci w Czerni | Dzień Niepodległości | Jestem Legendą Will Smith
88%
Truman Show | Głupi i Głupszy | Maska Jim Carrey
81%
Top Gun | Ostatni Samuraj | Ludzie Honoru Tom Cruise
74%
Braveheart | Zabójcza Broń | Znaki Mel Gibson
73%
Milczenie Owiec | Hannibal | Nixon Anthony Hopkins
72%
Lot nad kukułczym gniazdem | Lśnienie | Batman Jack Nicholson
72%
Dobry, Zły i Brzydki | Gran Torino | Brudny Harry Clint Eastwood
69%
Ojciec Chrzestny | Tramwaj zwany pożądaniem | Czas Apokalipsy Marlon Brando
68%
Szósty zmysł | Piąty Element | Armageddon Bruce Willis
66%
Szeregowiec Ryan | Buntownik z wyboru | Infiltracja Matt Damon
56%
American Beauty | Podejrzani | Podaj dalej Kevin Spacey
43%
Naga Broń | Ściągany | Czy leci z nami pilot? Leslie Nielsen
37%
Blade | Pasażer 57 | Człowiek Demolka Wesley Snipes
35%
Uniwersalny Żołnierz | Nieuchwytny Cel | Quest Jean Claude Van Damme
32%
Powrót do przyszłości | Sknerus | Ofiary Wojny Michael J. Fox
26%
Życzenie Śmierci | Parszywa Dwunastka | Siedmiu Wspaniałych Charles Bronson
14%
Nie znaleziono quizów pasujących do podanych kryteriów
Rozkład punktacji
Procent ludzi z każdym wynikiem
Percentyl według liczby udzielonych odpowiedzi
Twoja historia wyników
Nie rozwiązałeś tego quizu